000 01039nabaa22002057a 4500
999 _c6123
_d6123
003 OSt
005 20260122205833.0
008 190701b xxu||||| |||| 00| 0 spa d
040 _cPJ
100 _918
_aCassagne, Juan Carlos
245 1 3 _aEl contrato público y sus principios cardinales /
_bJuan Carlos Cassagne.
300 _ap. 138-148
505 _aSumario: I. Liminar.— II. Los dilemas clásicos de la contratación pública.— III. La influencia de la globalización.— IV. La injerencia de la potestad reglamentaria en la contratación pública.— V. Peculiaridadesque exhibe la teoría del contrato administrativo.— VI. Reflexiones a modo de conclusión.
505 _t¿Te interesa el texto completo? Comunicate al correo: koha@justierradelfuego.gov.ar
650 0 _9211
_aDERECHO ADMINISTRATIVO
650 0 _9877
_aADMINISTRACION PUBLICA
650 0 _93463
_aCONTRATOS
773 0 _02842
_93251
_dBuenos Aires : AbeledoPerrot, 2012-
_oDA121
_tDerecho administrativo. Nº 147 mayo/junio 2023
_z18510590
942 _2udc
_cANA